[Event "Michigan Class C"]
[Site "Auburn Hills"]
[Date "2005.01.15"]
[Round "2.2"]
[White "Dowling, James"]
[Black "Prong, Clint"]
[Result "0-1"]
[WhiteElo "1525"]
[BlackElo "1572"]
[PlyCount "110"]
[EventDate "2005.01.15"]
[EventType "swiss"]
[EventRounds "5"]
[EventCountry "USA"]
[SourceTitle "EXT 2006"]
[Source "ChessBase"]
[SourceDate "2005.11.24"]
[SourceVersion "1"]
[SourceVersionDate "2005.11.24"]
[SourceQuality "1"]

1. Nf3 Nc6 2. d4 d5 3. g3 Nf6 4. Bg2 Bf5 5. Nh4 Be4 6. f3 Bg6 7. c3 e6 8. Bg5 Bxb1 9. Rxb1 Be7 10. 0-0 h6 11. Bxf6 Bxf6 12. f4 Bxh4 13. gxh4 Qxh4 14. Rf3 f5 15. Qb3 0-0-0 16. Rbf1 Na5 17. Qc2 Nc4 18. b3 Nd6 19. Rg3 Qf6 20. Kh1 g5 21. Qc1 Rdg8 22. Qe3 g4 23. Qe5 Qxe5 24. dxe5 Ne4 25. Bxe4 dxe4 26. Rd1 Rd8 27. Rd4 h5 28. h4 b5 29. b4 c6 30. Rg1 Rxd4 31. cxd4 e3 32. Rc1 Kb7 33. Rc3 Rd8 34. Rd3 a5 35. a3 axb4 36. axb4 Ra8 37. Rxe3 Ra4 38. Rb3 Ra2 39. e3 g3 40. Rb1 Rh2+ 41. Kg1 Rxh4 42. Kg2 Rg4 43. Rh1 h4 44. Rh3 Kb6 45. Rh1 Kc7 46. Rh3 Kd7 47. Rh1 Ke7 48. Rh3 Kf7 49. Rh1 Kg7 50. Rh3 Kh6 51. Rh1 Kh5 52. Rd1 Rg7 53. Rh1 Kg4 54. Ra1 h3+ 55. Kh1 Kf3 0-1

[Event "Michigan Class C"]
[Site "Auburn Hills"]
[Date "2005.01.15"]
[Round "3.1"]
[White "Hazzard, William"]
[Black "Prong, Clint"]
[Result "1/2-1/2"]
[WhiteElo "1590"]
[BlackElo "1572"]
[PlyCount "96"]
[EventDate "2005.01.15"]
[EventType "swiss"]
[EventRounds "5"]
[EventCountry "USA"]
[SourceTitle "EXT 2006"]
[Source "ChessBase"]
[SourceDate "2005.11.24"]
[SourceVersion "1"]
[SourceVersionDate "2005.11.24"]
[SourceQuality "1"]

1. e4 e5 2. f4 exf4 3. Nf3 g5 4. Bc4 Bg7 5. 0-0 h6 6. d4 Nc6 7. c3 d6 8. Qb3 Na5 9. Qa4+ c6 10. Bd3 b5 11. Qd1 Bg4 12. Qe2 a6 13. b4 Nb7 14. a4 Bd7 15. a5 Ne7 16. e5 d5 17. Nbd2 0-0 18. h3 Re8 19. Nh2 Bf5 20. Ndf3 Qd7 21. Bxf5 Nxf5 22. Qd3 Ng3 23. Re1 Nd8 24. Bd2 Qf5 25. Qxf5 Nxf5 26. Ng4 Ng3 27. h4 Ne4 28. hxg5 hxg5 29. Nf2 Nxd2 30. Nxd2 Ne6 31. Nf3 f6 32. exf6 Bxf6 33. Ng4 Kg7 34. Kf2 Rac8 35. Re2 Re7 36. Rae1 Rce8 37. Nfe5 Nd8 38. Nd3 Rxe2+ 39. Rxe2 Rxe2+ 40. Kxe2 Ne6 41. Nge5 Bxe5 42. Nxe5 Kf6 43. Nxc6 Kf5 44. Ne5 g4 45. Kf2 g3+ 46. Ke2 Ke4 47. Nf3 Kf5 48. Ne5 Ke4 1/2-1/2

[Event "Michigan Action"]
[Site "Warren"]
[Date "2004.12.11"]
[Round "5"]
[White "Haidukewych, Dan"]
[Black "Prong, Clint"]
[Result "1-0"]
[WhiteElo "1652"]
[BlackElo "1572"]
[PlyCount "62"]
[EventDate "2004.12.11"]
[EventType "swiss"]
[EventRounds "5"]
[EventCountry "USA"]
[SourceTitle "EXT 2007"]
[Source "ChessBase"]
[SourceDate "2006.11.23"]
[SourceVersion "1"]
[SourceVersionDate "2006.11.23"]
[SourceQuality "1"]

1. f4 d5 2. Nf3 Nc6 3. e3 Nf6 4. Be2 Bf5 5. b3 e6 6. Bb2 Bd6 7. 0-0 Qe7 8. Nc3 0-0-0 9. d4 Nb4 10. Rc1 Ne4 11. Nb5 a6 12. Nxd6+ Nxd6 13. a3 Nc6 14. c4 dxc4 15. bxc4 Be4 16. Rc3 f6 17. a4 a5 18. Ba3 Nb4 19. Nd2 Bg6 20. c5 Ne4 21. Nxe4 Bxe4 22. Bxb4 axb4 23. Rb3 Qd7 24. Rxb4 Qd5 25. Bf3 c6 26. Bxe4 Qxe4 27. Qb3 Rd7 28. Rb1 Kd8 29. Rxb7 Rxb7 30. Qxb7 Ke8 31. Qc8+ Kf7 1-0

[Event "Auburn Hills op"]
[Site "Auburn Hills"]
[Date "2003.04.26"]
[Round "3"]
[White "Haney, Mark A"]
[Black "Prong, Clint"]
[Result "0-1"]
[WhiteElo "1514"]
[BlackElo "1582"]
[PlyCount "62"]
[EventDate "2003.04.26"]
[EventType "swiss"]
[EventRounds "5"]
[EventCountry "USA"]
[SourceTitle "EXT 2007"]
[Source "ChessBase"]
[SourceDate "2006.11.23"]
[SourceVersion "1"]
[SourceVersionDate "2006.11.23"]
[SourceQuality "1"]

1. e4 e5 2. Nf3 Nc6 3. Bb5 Nf6 4. 0-0 Nxe4 5. Re1 Nd6 6. Bxc6 dxc6 7. Nxe5 Be7 8. d4 0-0 9. Bf4 Bf6 10. Nd2 Bf5 11. g4 Bg6 12. c4 Re8 13. c5 Nc8 14. Ne4 Bxe4 15. Rxe4 h6 16. Qe2 Ne7 17. Re1 Kf8 18. g5 hxg5 19. Nxf7 Kxf7 20. Qh5+ Kg8 21. Bxg5 Qd5 22. h4 Qf7 23. Qe2 Kf8 24. Bxf6 Qxf6 25. Kf1 Rad8 26. Qg4 Nd5 27. Re5 Rxe5 28. Rxe5 Kg8 29. Qh5 Rf8 30. Qe2 Qxh4 31. Kg2 Nf4+ 0-1

[Event "Detroit op"]
[Site "Detroit"]
[Date "2000.12.16"]
[Round "6"]
[White "Marson, Michael"]
[Black "Prong, Clint"]
[Result "1-0"]
[WhiteElo "1779"]
[BlackElo "1230"]
[PlyCount "83"]
[EventDate "2000.12.16"]
[EventType "swiss"]
[EventRounds "6"]
[EventCountry "USA"]
[SourceTitle "EXT 2007"]
[Source "ChessBase"]
[SourceDate "2006.11.23"]
[SourceVersion "1"]
[SourceVersionDate "2006.11.23"]
[SourceQuality "1"]

1. d4 Nf6 2. c4 g6 3. Nc3 Bg7 4. e4 d6 5. Nf3 Bg4 6. Be2 0-0 7. 0-0 Re8 8. Bg5 Nbd7 9. Qd2 Bxf3 10. Bxf3 e5 11. d5 c6 12. Rac1 Rc8 13. dxc6 Rxc6 14. Nd5 Qc8 15. b3 Nxd5 16. cxd5 Rc7 17. Rxc7 Qxc7 18. Rc1 Qb8 19. Qc2 h6 20. Be3 b6 21. Qc7 Nc5 22. Qxb8 Rxb8 23. b4 Nd3 24. Rc4 g5 25. Be2 Nf4 26. Kf1 Bf8 27. Rc7 Nxe2 28. Kxe2 a5 29. b5 Kg7 30. a4 Kg6 31. Rc6 f5 32. f3 f4 33. Bf2 h5 34. Rxb6 Rc8 35. Rc6 Rxc6 36. bxc6 g4 37. c7 g3 38. hxg3 fxg3 39. Bxg3 h4 40. Bxh4 Kh5 41. c8Q Kxh4 42. Qg4# 1-0